000 00932nam a2200301Ia 4500
001 Z_2172
003 CHAP
008 220113s1995 xx 000 0 und d
010 _a165228
040 _cCHAP
090 _aTesis C 993
100 _aCigarrero Clavería, José Luis
_923282
245 _aSuplementación mineral a vaquillas bajo pastoreo en la zona central de Chiapas /
_cpor José Luis Cigarrero Clavería
260 _aChapingo, Méx. :
_bEl autor,
_c1995
300 _a60 h.
502 _aTesis (Ing. Agr. Esp. en Zootecnia) -- UACH. Departamento de Zootecnia
650 7 _aCynodon nlemfuensis
_2
_930799
650 _aGanado vacuno
_xChiapas
_945442
650 _aGanado vacuno
_xNutrición
_945498
650 _aGanado vacuno
_xPeso
_945504
650 _aMinerales en nutrición animal
_975937
901 _aTESIS C 993
902 _aM
910 _a1995
942 _c2
942 _c2
999 _c165228
_d165228